[Event "Berlin-ch"]
[Site "Berlin"]
[Date "2024.04.03"]
[Round "5"]
[White "Poltorak, Sebastian"]
[Black "Polzin, Rainer"]
[Result "1/2-1/2"]
[WhiteElo "2392"]
[BlackElo "2401"]
[PlyCount "51"]
[EventDate "2024.03.30"]
[EventType "swiss"]
[EventRounds "9"]
[EventCountry "GER"]
[SourceTitle "CB15_2024"]
[SourceDate "2024.04.10"]
[SourceVersion "1"]
[SourceVersionDate "2024.04.10"]
[SourceQuality "1"]

1. e4 e5 2. Nf3 Nc6 3. Bb5 a6 4. Ba4 Nf6 5. 0-0 Be7 6. Re1 b5 7. Bb3 d6 8. c3 0-0 9. h3 Na5 10. Bc2 c5 11. d4 Qc7 12. Nbd2 cxd4 13. cxd4 Nc6 14. Nb3 a5 15. Be3 a4 16. Nbd2 Bd7 17. Rc1 Qb7 18. Qe2 Rfe8 19. Bd3 Rab8 20. dxe5 Nxe5 21. Nxe5 dxe5 22. Nf3 Bb4 23. Red1 Bc6 24. Bc5 Bxc5 25. Rxc5 Nd7 26. Rc3 1/2-1/2

[Event "Berlin-ch"]
[Site "Berlin"]
[Date "2024.03.31"]
[Round "2"]
[White "Poltorak, Sebastian"]
[Black "Yatskar, Martin"]
[Result "1-0"]
[WhiteElo "2392"]
[BlackElo "2066"]
[PlyCount "119"]
[EventDate "2024.03.30"]
[EventType "swiss"]
[EventRounds "9"]
[EventCountry "GER"]
[SourceTitle "CB15_2024"]
[SourceDate "2024.04.10"]
[SourceVersion "1"]
[SourceVersionDate "2024.04.10"]
[SourceQuality "1"]

1. d4 d5 2. c4 e6 3. Nc3 c5 4. cxd5 exd5 5. Nf3 Nf6 6. Bg5 Be6 7. e3 c4 8. Bxf6 gxf6 9. a3 Qa5 10. g3 Nc6 11. Bg2 Be7 12. Ng1 f5 13. Nh3 Bd6 14. 0-0 Ne7 15. Qc2 h5 16. Nf4 Bxf4 17. gxf4 Ng6 18. Bh3 Rg8 19. Kh1 Ne7 20. Rg1 0-0-0 21. Qe2 h4 22. Qc2 Kb8 23. Ne2 b5 24. Rab1 a6 25. Rxg8 Rxg8 26. Ng1 Ka7 27. Nf3 b4 28. axb4 Qxb4 29. Ng1 Rb8 30. Ne2 Qb3 31. Qd2 Nc6 32. Bf1 Nb4 33. Nc1 Qc2 34. Qxc2 Nxc2 35. Be2 Bd7 36. Kg2 Rg8+ 37. Kf1 h3 38. Na2 Rb8 39. Nc3 Bc6 40. Bh5 Rb7 41. Bd1 Nb4 42. Ke2 f6 43. b3 a5 44. Kd2 Nd3 45. Bc2 Nxf2 46. bxc4 Rxb1 47. Bxb1 dxc4 48. Bxf5 Bg2 49. d5 Kb6 50. d6 Bc6 51. Ke2 Nd3 52. Bxh3 Nb4 53. Be6 a4 54. h4 a3 55. h5 a2 56. Nxa2 Nxa2 57. h6 Be4 58. f5 c3 59. Bxa2 Bxf5 60. Bg8 1-0

[Event "Berlin-ch"]
[Site "Berlin"]
[Date "2024.03.30"]
[Round "1"]
[White "Petersen, Marcel"]
[Black "Poltorak, Sebastian"]
[Result "1/2-1/2"]
[WhiteElo "2133"]
[BlackElo "2392"]
[PlyCount "80"]
[EventDate "2024.03.30"]
[EventType "swiss"]
[EventRounds "9"]
[EventCountry "GER"]
[SourceTitle "CB15_2024"]
[SourceDate "2024.04.10"]
[SourceVersion "1"]
[SourceVersionDate "2024.04.10"]
[SourceQuality "1"]

1. e4 c5 2. Nf3 e6 3. g3 Nc6 4. Bg2 Nf6 5. Qe2 e5 6. 0-0 Be7 7. c3 d6 8. h3 0-0 9. Rd1 Qb6 10. Na3 Ne8 11. d4 cxd4 12. cxd4 exd4 13. Nc4 Qa6 14. Nxd4 Nxd4 15. Rxd4 Be6 16. Bf1 Rc8 17. Ne3 Qxe2 18. Bxe2 Nf6 19. b3 Bd8 20. Bf3 Bxh3 21. Rxd6 Bc7 22. Rd1 Rfe8 23. Nd5 Nxd5 24. Rxd5 f5 25. Bb2 fxe4 26. Bg2 Bxg2 27. Kxg2 Bb6 28. Rc1 Rxc1 29. Bxc1 Rc8 30. Be3 Bxe3 31. fxe3 Rc7 32. Kh3 Kf7 33. Kg4 g6 34. Kf4 Re7 35. g4 h6 36. Rd6 Kg7 37. a4 Kf7 38. a5 a6 39. Rb6 Kg7 40. Rd6 Kf7 1/2-1/2

[Event "Titled Tuesday intern op 13th Feb Early"]
[Site "Chess.com INT"]
[Date "2024.02.13"]
[Round "4"]
[White "Poltorak, Sebastian"]
[Black "Abdilkhair, Abilmansur"]
[Result "0-1"]
[WhiteElo "2379"]
[BlackElo "2357"]
[PlyCount "100"]
[EventDate "2024.02.13"]
[EventType "swiss (blitz)"]
[EventRounds "11"]
[EventCountry "USA"]
[SourceTitle "CB08_2024"]
[SourceDate "2024.02.21"]
[SourceVersion "1"]
[SourceVersionDate "2024.02.21"]
[SourceQuality "1"]

1. d4 Nf6 2. c4 e6 3. Nf3 d5 4. Nc3 c6 5. e3 b6 6. Bd3 Bb7 7. 0-0 Bb4 8. Qc2 Nbd7 9. Rd1 c5 10. cxd5 exd5 11. a3 Bxc3 12. bxc3 c4 13. Bf1 0-0 14. a4 Re8 15. a5 b5 16. a6 Bc6 17. Ba3 Ne4 18. Nd2 Ndf6 19. Be2 Bd7 20. Nxe4 Nxe4 21. Bf3 Bf5 22. Qb2 Qd7 23. Re1 Ng5 24. Be2 g6 25. Bc5 Ne4 26. Bb4 h5 27. Ra5 h4 28. Bf3 h3 29. g3 Ng5 30. Bh1 Be4 31. Bxe4 dxe4 32. Rb1 Qg4 33. Qc1 Nf3+ 34. Kh1 Nd2 35. Qd1 Qf5 36. Rb2 Nb3 37. Rxb5 Qxb5 38. Qf1 Qf5 39. Qe2 Qf3+ 40. Qxf3 exf3 41. Ra2 Rab8 42. Ra4 Rb5 43. Kg1 f5 44. Kf1 Kf7 45. Ke1 Ke6 46. Ra2 Kd5 47. Kd1 Reb8 48. Kc2 Rxb4 49. cxb4 Rxb4 50. Ra4 Rxa4 0-1

[Event "Titled Tuesday intern op 06th Feb Late"]
[Site "Chess.com INT"]
[Date "2024.02.06"]
[Round "10"]
[White "Chayka, Vitaliy"]
[Black "Poltorak, Sebastian"]
[Result "0-1"]
[WhiteElo "2102"]
[BlackElo "2379"]
[PlyCount "108"]
[EventDate "2024.02.06"]
[EventType "swiss (blitz)"]
[EventRounds "11"]
[EventCountry "USA"]
[SourceTitle "CB07_2024"]
[SourceDate "2024.02.14"]
[SourceVersion "1"]
[SourceVersionDate "2024.02.14"]
[SourceQuality "1"]

1. d4 Nf6 2. Bf4 b6 3. e3 Bb7 4. Nf3 g6 5. h3 Bg7 6. Be2 0-0 7. 0-0 d6 8. a4 a6 9. c3 Nfd7 10. Nbd2 e5 11. Bh2 Nc6 12. Qb3 Qe7 13. Qa3 h6 14. dxe5 Ncxe5 15. Nxe5 Nxe5 16. Bxe5 Qxe5 17. Bf3 d5 18. a5 b5 19. Nb3 Rfd8 20. Nc5 Bf8 21. b4 Bxc5 22. bxc5 c6 23. Rfd1 Re8 24. Rd4 f5 25. Qb4 Re7 26. Rad1 Rae8 27. Kf1 Kg7 28. Ke2 Rf8 29. Kd2 Bc8 30. Kc1 Qf6 31. Kb2 Rfe8 32. Rg1 Be6 33. g4 fxg4 34. Rf4 Qh4 35. Bxg4 Bxg4 36. Rgxg4 Qh5 37. Qd4+ Qe5 38. Qd3 Re6 39. h4 Rf6 40. Rxf6 Qxf6 41. f4 Re4 42. h5 g5 43. Kb3 Qe6 44. Rg3 d4+ 45. Kc2 dxe3 46. fxg5 e2 47. gxh6+ Kh7 48. Re3 Qa2+ 49. Kc1 Qa1+ 50. Kd2 e1Q+ 51. Rxe1 Qxe1+ 52. Kc2 Qe2+ 53. Qxe2 Rxe2+ 54. Kd3 Re5 0-1

[Event "Titled Tuesday intern op 06th Feb Early"]
[Site "Chess.com INT"]
[Date "2024.02.06"]
[Round "3"]
[White "Poltorak, Sebastian"]
[Black "Filipovic, Slobodan J"]
[Result "1-0"]
[WhiteElo "2379"]
[BlackElo "2191"]
[PlyCount "63"]
[EventDate "2024.02.06"]
[EventType "swiss (blitz)"]
[EventRounds "11"]
[EventCountry "USA"]
[SourceTitle "CB07_2024"]
[SourceDate "2024.02.14"]
[SourceVersion "1"]
[SourceVersionDate "2024.02.14"]
[SourceQuality "1"]

1. Nc3 d5 2. e4 dxe4 3. Nxe4 Nf6 4. d3 Nxe4 5. dxe4 Qxd1+ 6. Kxd1 Nc6 7. Bb5 Bd7 8. Ne2 0-0-0 9. Bd2 g6 10. c3 Ne5 11. Bxd7+ Rxd7 12. Kc2 Bg7 13. Rhd1 Rhd8 14. Be3 Rxd1 15. Rxd1 Rxd1 16. Kxd1 Ng4 17. h3 Nxe3+ 18. fxe3 Bh6 19. Kd2 Kd7 20. Kd3 c6 21. Ng1 e5 22. Nf3 Ke6 23. a4 f6 24. b4 b5 25. a5 a6 26. Nd2 Bf8 27. Nb3 Bd6 28. Ke2 f5 29. Kf3 h5 30. g3 Kf6 31. Nc1 c5 32. Nd3 1-0

[Event "Titled Tuesday intern op 06th Feb Late"]
[Site "Chess.com INT"]
[Date "2024.02.06"]
[Round "9"]
[White "Poltorak, Sebastian"]
[Black "Khakhinov, Ilya"]
[Result "1-0"]
[WhiteElo "2379"]
[BlackElo "2236"]
[PlyCount "65"]
[EventDate "2024.02.06"]
[EventType "swiss (blitz)"]
[EventRounds "11"]
[EventCountry "USA"]
[SourceTitle "CB07_2024"]
[SourceDate "2024.02.14"]
[SourceVersion "1"]
[SourceVersionDate "2024.02.14"]
[SourceQuality "1"]

1. Nc3 d6 2. e4 Nf6 3. g3 e5 4. Bg2 Be7 5. Nge2 0-0 6. 0-0 c6 7. d3 b5 8. h3 a5 9. f4 a4 10. a3 Bb7 11. g4 Nfd7 12. Kh2 f6 13. Ng3 Rf7 14. h4 Nc5 15. Bh3 Nba6 16. Be3 Qa5 17. Qd2 exf4 18. Bxf4 d5 19. g5 fxg5 20. Bxg5 Bxg5 21. Qxg5 Rff8 22. exd5 cxd5 23. Nxd5 Kh8 24. Rxf8+ Rxf8 25. Nh5 Rf7 26. Re1 Bc6 27. Re7 Rxe7 28. Nxe7 Qc7+ 29. Kg1 Ne6 30. Bxe6 Qb6+ 31. Kf1 Qd4 32. Nxc6 Qxb2 33. Qd8# 1-0

[Event "Titled Tuesday intern op 16th Jan Late"]
[Site "Chess.com INT"]
[Date "2024.01.16"]
[Round "3"]
[White "Bardyk, Artem"]
[Black "Poltorak, Sebastian"]
[Result "1-0"]
[WhiteElo "2206"]
[BlackElo "2372"]
[PlyCount "59"]
[EventDate "2024.01.16"]
[EventType "swiss (blitz)"]
[EventRounds "11"]
[EventCountry "USA"]
[SourceTitle "CB04_2024"]
[SourceDate "2023.10.16"]
[SourceVersion "1"]
[SourceVersionDate "2023.10.16"]
[SourceQuality "1"]

1. e4 c6 2. d4 d5 3. e5 c5 4. dxc5 e6 5. Qg4 h5 6. Qf4 Bxc5 7. Bd3 Nc6 8. Nf3 Bd7 9. 0-0 Nb4 10. Qg3 Kf8 11. Nc3 Nh6 12. Bg5 Be7 13. h4 Rc8 14. Ne2 Nxc2 15. Rac1 Nb4 16. Rxc8 Bxc8 17. Bb1 Nc6 18. Nf4 Ng4 19. Nxh5 Bxg5 20. Nxg5 Rxh5 21. Qxg4 Rh6 22. f4 Kg8 23. Kh2 Bd7 24. Rf3 Qb6 25. Rg3 g6 26. Nxf7 Kxf7 27. Bxg6+ Kf8 28. Qg5 Rxh4+ 29. Qxh4 Ne7 30. Qf6+ 1-0

[Event "Titled Tuesday intern op 16th Jan Late"]
[Site "Chess.com INT"]
[Date "2024.01.16"]
[Round "6"]
[White "Lagarde, Maxime"]
[Black "Poltorak, Sebastian"]
[Result "1-0"]
[WhiteElo "2642"]
[BlackElo "2372"]
[PlyCount "89"]
[EventDate "2024.01.16"]
[EventType "swiss (blitz)"]
[EventRounds "11"]
[EventCountry "USA"]
[SourceTitle "CB04_2024"]
[SourceDate "2023.10.16"]
[SourceVersion "1"]
[SourceVersionDate "2023.10.16"]
[SourceQuality "1"]

1. d4 Nf6 2. c4 g6 3. Nc3 d5 4. Nf3 Bg7 5. Qb3 dxc4 6. Qxc4 0-0 7. e4 Nc6 8. Be3 Ng4 9. 0-0-0 Nxe3 10. fxe3 Rb8 11. Kb1 Bd7 12. h4 b5 13. Qc5 b4 14. Nd5 e6 15. Nf4 Qe7 16. Rc1 Qxc5 17. Rxc5 Rfd8 18. e5 Bf8 19. Rc1 Ne7 20. g4 Bc6 21. Be2 Be4+ 22. Ka1 Nd5 23. Nxd5 Rxd5 24. Rhf1 Ra5 25. b3 c5 26. Bc4 cxd4 27. exd4 Rd8 28. Ng5 Bg2 29. Rxf7 h6 30. Nxe6 Kxf7 31. Nxd8+ Ke8 32. Ne6 Be7 33. g5 hxg5 34. hxg5 Bh3 35. Kb2 Bf5 36. Rf1 Bxe6 37. Bxe6 Bxg5 38. Bf7+ Ke7 39. Kc2 Ra6 40. Bc4 Rc6 41. Kd3 Rc8 42. Rf7+ Ke8 43. Rxa7 Be7 44. d5 g5 45. d6 1-0

[Event "Titled Tuesday intern op 16th Jan Early"]
[Site "Chess.com INT"]
[Date "2024.01.16"]
[Round "6"]
[White "Poltorak, Sebastian"]
[Black "Garcia De Dios, Jose Antonio"]
[Result "0-1"]
[WhiteElo "2372"]
[BlackElo "2194"]
[PlyCount "120"]
[EventDate "2024.01.16"]
[EventType "swiss (blitz)"]
[EventRounds "11"]
[EventCountry "USA"]
[SourceTitle "CB04_2024"]
[SourceDate "2023.10.16"]
[SourceVersion "1"]
[SourceVersionDate "2023.10.16"]
[SourceQuality "1"]

1. e4 e6 2. Nc3 d5 3. exd5 exd5 4. d4 Nf6 5. Bd3 c5 6. dxc5 Bxc5 7. Nge2 0-0 8. 0-0 h6 9. Ng3 Nc6 10. Bf4 Be6 11. Qd2 Re8 12. Rae1 Rc8 13. a3 a6 14. Nf5 Bf8 15. h3 Ne4 16. Bxe4 dxe4 17. Nd6 Bxd6 18. Bxd6 Bc4 19. Ne2 Re6 20. Bf4 Qxd2 21. Bxd2 Bxe2 22. Rxe2 Nd4 23. Re3 Rxc2 24. Bc3 Ne2+ 25. Kh2 Nxc3 26. bxc3 b5 27. Kg3 Rc6 28. Kf4 R2xc3 29. Kxe4 R6c4+ 30. Kf3 Rxe3+ 31. fxe3 Rc3 32. Ra1 Kf8 33. Ke4 Ke7 34. Kd4 Rc2 35. g4 Kd6 36. a4 b4 37. a5 b3 38. Rb1 b2 39. Kd3 Rh2 40. Kc3 Kd5 41. Kb3 Ke4 42. Ka2 Kxe3 43. Rf1 f6 44. Re1+ Kf4 45. Re6 Kg3 46. Rxa6 Kxh3 47. Ra8 Kxg4 48. a6 Rh5 49. Kxb2 Ra5 50. Kb3 g5 51. Kb4 Ra1 52. Kb5 f5 53. Rh8 h5 54. Kb6 f4 55. Kb7 f3 56. Rh6 h4 57. a7 Rxa7+ 58. Kxa7 f2 59. Rf6 Kg3 60. Kb6 Kg2 0-1

[Event "Titled Tuesday intern op 16th Jan Early"]
[Site "Chess.com INT"]
[Date "2024.01.16"]
[Round "5"]
[White "Seo, Jung Min"]
[Black "Poltorak, Sebastian"]
[Result "1-0"]
[WhiteElo "2481"]
[BlackElo "2372"]
[PlyCount "79"]
[EventDate "2024.01.16"]
[EventType "swiss (blitz)"]
[EventRounds "11"]
[EventCountry "USA"]
[SourceTitle "CB04_2024"]
[SourceDate "2023.10.16"]
[SourceVersion "1"]
[SourceVersionDate "2023.10.16"]
[SourceQuality "1"]

1. e4 c6 2. Nf3 d5 3. Nc3 dxe4 4. Nxe4 Nf6 5. Qe2 Nxe4 6. Qxe4 Nd7 7. Bc4 Nf6 8. Qf4 e6 9. 0-0 Bd6 10. Qh4 Nd5 11. Qg4 0-0 12. d4 e5 13. Qh5 e4 14. Ne5 f6 15. Nxc6 bxc6 16. Bxd5+ cxd5 17. Qxd5+ Kh8 18. Qxa8 f5 19. Qc6 Qf6 20. g3 f4 21. Bxf4 Bxf4 22. Qxf6 Rxf6 23. gxf4 Bh3 24. Kh1 Bxf1 25. Rxf1 Rxf4 26. Kg2 g5 27. Re1 Kg7 28. Re3 h5 29. Ra3 g4 30. Rxa7+ Kf6 31. Rh7 Kg5 32. d5 h4 33. d6 Rf6 34. d7 Rd6 35. Kf1 Kf4 36. Ke2 h3 37. a4 Ke5 38. a5 e3 39. Kxe3 Ke6 40. Rh6+ 1-0

[Event "Titled Tuesday intern op 24th Oct Late"]
[Site "Chess.com INT"]
[Date "2023.10.24"]
[Round "9"]
[White "Adewumi, Tanitoluwa"]
[Black "Poltorak, Sebastian"]
[Result "1-0"]
[WhiteElo "2295"]
[BlackElo "2362"]
[PlyCount "211"]
[EventDate "2023.10.24"]
[EventType "swiss (blitz)"]
[EventRounds "11"]
[EventCountry "USA"]
[SourceTitle "Mega2024 Update 01"]
[Source "Chessbase"]
[SourceDate "2023.11.12"]
[SourceVersion "1"]
[SourceVersionDate "2023.11.12"]
[SourceQuality "1"]

1. e4 c5 2. Nf3 e6 3. c3 Nf6 4. e5 Nd5 5. Bc4 Nb6 6. Bb3 d5 7. exd6 Bxd6 8. 0-0 0-0 9. d4 Nc6 10. Be3 cxd4 11. cxd4 Nd5 12. Nc3 Nxe3 13. fxe3 h6 14. Qd3 e5 15. dxe5 Nxe5 16. Nxe5 Bxe5 17. Bxf7+ Kh8 18. Bd5 Bf6 19. Ne4 Bg4 20. h3 Bh5 21. Nxf6 Rxf6 22. Qd4 Rd6 23. e4 Qb6 24. Qxb6 Rxb6 25. b3 Re8 26. Rac1 Bg6 27. Rc7 h5 28. Re1 Rb5 29. Bxb7 Rbe5 30. Bc6 R8e6 31. Re3 Rc5 32. Bd7 Rxc7 33. Bxe6 Rc1+ 34. Kh2 Rc2 35. a4 h4 36. Bc4 Be8 37. Bd5 Rd2 38. Rf3 Kh7 39. Rf8 Bh5 40. Kg1 Bd1 41. Rf1 Bc2 42. Rf2 Rd1+ 43. Rf1 Rd2 44. Rf2 Rd1+ 45. Kh2 Bd3 46. e5 Re1 47. e6 Kg6 48. Rf4 Re5 49. Bf3 Rxe6 50. Rg4+ Kf7 51. Rxh4 Re3 52. Rd4 Bc2 53. b4 Bxa4 54. Rd6 Bb5 55. Rd5 a6 56. Rd4 Re1 57. Kg3 Rb1 58. Kf4 Kf6 59. h4 g6 60. g4 Re1 61. g5+ Kf7 62. Re4 Rf1 63. Rd4 Bc6 64. Rd3 Ke6 65. Kg4 Rg1+ 66. Kf4 Rf1 67. Kg3 Bxf3 68. Rxf3 Rg1+ 69. Kf2 Rh1 70. Rf6+ Ke5 71. Kg3 Rg1+ 72. Kh2 Rb1 73. Rxa6 Rxb4 74. Kg3 Rb3+ 75. Kg4 Rb4+ 76. Kg3 Rb3+ 77. Kg2 Rb2+ 78. Kf3 Rb3+ 79. Kf2 Rb2+ 80. Ke3 Rb3+ 81. Ke2 Rb2+ 82. Kd3 Rh2 83. Ra4 Rh3+ 84. Ke2 Kf5 85. Kf2 Rb3 86. Kg2 Rc3 87. Rd4 Rb3 88. Kf2 Rc3 89. Rd6 Rh3 90. Rf6+ Ke5 91. Rxg6 Rxh4 92. Kg3 Rh1 93. Rf6 Ke4 94. Kg4 Ke5 95. Rf2 Ke6 96. g6 Rg1+ 97. Kh5 Ke7 98. Kh6 Ra1 99. g7 Rh1+ 100. Kg6 Rg1+ 101. Kh7 Rh1+ 102. Kg8 Rh3 103. Re2+ Kf6 104. Kf8 Ra3 105. g8Q Ra8+ 106. Re8 1-0

[Event "Titled Tuesday intern op 24th Oct Late"]
[Site "Chess.com INT"]
[Date "2023.10.24"]
[Round "5"]
[White "Poltorak, Sebastian"]
[Black "Diaz Perez, Michel Alejandro"]
[Result "1/2-1/2"]
[WhiteElo "2362"]
[BlackElo "2473"]
[PlyCount "161"]
[EventDate "2023.10.24"]
[EventType "swiss (blitz)"]
[EventRounds "11"]
[EventCountry "USA"]
[SourceTitle "Mega2024 Update 01"]
[Source "Chessbase"]
[SourceDate "2023.11.12"]
[SourceVersion "1"]
[SourceVersionDate "2023.11.12"]
[SourceQuality "1"]

1. c4 e6 2. Nc3 d5 3. d4 Nf6 4. cxd5 exd5 5. Bg5 Nbd7 6. e3 c6 7. Bd3 Be7 8. Qc2 h6 9. Bh4 Nh5 10. Bxe7 Qxe7 11. 0-0-0 Nb6 12. Kb1 Be6 13. Rc1 0-0-0 14. Na4 Nxa4 15. Qxa4 Kb8 16. Ne2 Nf6 17. Rc3 Ne4 18. Ra3 a6 19. Bxe4 dxe4 20. Nc3 Bd5 21. Rc1 Qh4 22. Nxd5 Rxd5 23. Rb3 Rb5 24. Rxb5 axb5 25. Qc2 Rd8 26. h3 Qg5 27. Qxe4 f6 28. g3 Qh5 29. Qg4 Qd5 30. Qxg7 Qf5+ 31. Ka1 Qxf2 32. Qxh6 Qxg3 33. Rf1 Re8 34. Qxf6 Qxh3 35. Qf4+ Ka7 36. Re1 Qg2 37. a3 Qc2 38. Qf1 b4 39. Qe2 Qb3 40. Rc1 bxa3 41. bxa3 Qxa3+ 42. Kb1 Rxe3 43. Qa2 Qxa2+ 44. Kxa2 Rd3 45. Rc4 Kb6 46. Rb4+ Ka6 47. Kb2 b5 48. Kc2 Rh3 49. Rb1 Ka5 50. Kd2 b4 51. Rc1 Kb5 52. Rc5+ Kb6 53. Rg5 Rc3 54. Rg8 Kb5 55. Rg6 Rc4 56. Kd3 Rc1 57. Kd2 Rh1 58. Kd3 Rh3+ 59. Kd2 Rc3 60. Rf6 Ka4 61. Rf8 Rh3 62. Rc8 Kb5 63. Rd8 Kc4 64. Rd6 c5 65. dxc5 Kxc5 66. Rd8 Kc4 67. Kc1 Kb3 68. Rd1 Rh2 69. Kb1 Ka3 70. Ka1 b3 71. Kb1 Ra2 72. Re1 Rd2 73. Ka1 Rc2 74. Kb1 Rh2 75. Ka1 Rh3 76. Kb1 Rc3 77. Ka1 b2+ 78. Kb1 Kb3 79. Rf1 Rc1+ 80. Rxc1 bxc1Q+ 81. Kxc1 1/2-1/2

[Event "Titled Tuesday intern op 24th Oct Late"]
[Site "Chess.com INT"]
[Date "2023.10.24"]
[Round "7"]
[White "Seresin, Francesco"]
[Black "Poltorak, Sebastian"]
[Result "0-1"]
[WhiteElo "2352"]
[BlackElo "2362"]
[PlyCount "72"]
[EventDate "2023.10.24"]
[EventType "swiss (blitz)"]
[EventRounds "11"]
[EventCountry "USA"]
[SourceTitle "Mega2024 Update 01"]
[Source "Chessbase"]
[SourceDate "2023.11.12"]
[SourceVersion "1"]
[SourceVersionDate "2023.11.12"]
[SourceQuality "1"]

1. d4 c5 2. d5 e6 3. Nc3 Nf6 4. e4 d6 5. Nf3 g6 6. Be2 Bg7 7. 0-0 0-0 8. a4 a6 9. h3 exd5 10. exd5 Re8 11. Bf4 Ne4 12. Nxe4 Rxe4 13. Bg3 Bxb2 14. Rb1 Bg7 15. Bd3 Rxa4 16. Re1 h6 17. Nd2 b5 18. c4 Ra3 19. Ne4 Bf5 20. cxb5 axb5 21. Bxb5 Ra1 22. Bd3 c4 23. Bxc4 Rxb1 24. Qxb1 Ra1 25. Qxa1 Bxa1 26. Nxd6 Qa5 27. Re8+ Kg7 28. Rxb8 Qe1+ 29. Kh2 Be5 30. Ne8+ Kh7 31. d6 Bd7 32. Bxf7 Bxg3+ 33. fxg3 Qe5 34. Rd8 Bc6 35. d7 Qb2 36. Nf6+ Qxf6 0-1

[Event "Titled Tuesday intern op 12th Sep Late"]
[Site "Chess.com INT"]
[Date "2023.09.12"]
[Round "4"]
[White "Duda, Jan Krzysztof"]
[Black "Poltorak, Sebastian"]
[Result "1-0"]
[WhiteElo "2726"]
[BlackElo "2362"]
[PlyCount "93"]
[EventDate "2023.09.12"]
[EventType "swiss (blitz)"]
[EventRounds "11"]
[EventCountry "USA"]
[SourceTitle "EXT 2024"]
[Source "ChessBase"]
[SourceDate "2023.10.10"]
[SourceVersion "1"]
[SourceVersionDate "2023.10.10"]
[SourceQuality "1"]

1. b4 e6 2. Bb2 Nf6 3. a3 d5 4. e3 b6 5. c4 c5 6. b5 Bb7 7. Nf3 Be7 8. a4 0-0 9. Be2 a5 10. 0-0 Nbd7 11. Qc2 h6 12. Rd1 Qc7 13. Na3 Rad8 14. Rac1 Rfe8 15. d4 cxd4 16. Nxd4 Nc5 17. Nc6 Bxc6 18. bxc6 Qxc6 19. cxd5 Qxa4 20. dxe6 Qxc2 21. exf7+ Kxf7 22. Nxc2 Rxd1+ 23. Rxd1 Rd8 24. Bc4+ Kf8 25. Nd4 Rc8 26. Ba1 a4 27. g3 a3 28. Kg2 Nfe4 29. Bd5 Nf6 30. Ba2 Rb8 31. Nf5 b5 32. Be5 Rc8 33. Rb1 Ncd7 34. Rxb5 Nxe5 35. Rxe5 Rc2 36. Rxe7 Rxa2 37. Ra7 Ne4 38. Kf3 Ng5+ 39. Kg4 Ne4 40. f3 Nc3 41. Nxg7 Ra1 42. Kf5 a2 43. Kf6 Nd5+ 44. Kg6 Nc3 45. Rf7+ Kg8 46. Re7 Nd5 47. Re8# 1-0

[Event "Titled Tuesday intern op 12th Sep Early"]
[Site "Chess.com INT"]
[Date "2023.09.12"]
[Round "2"]
[White "Durarbayli, Vasif"]
[Black "Poltorak, Sebastian"]
[Result "1-0"]
[WhiteElo "2625"]
[BlackElo "2362"]
[PlyCount "77"]
[EventDate "2023.09.12"]
[EventType "swiss (blitz)"]
[EventRounds "11"]
[EventCountry "USA"]
[SourceTitle "EXT 2024"]
[Source "ChessBase"]
[SourceDate "2023.10.10"]
[SourceVersion "1"]
[SourceVersionDate "2023.10.10"]
[SourceQuality "1"]

1. e4 c6 2. d4 d5 3. exd5 cxd5 4. c4 Nf6 5. Nc3 Nc6 6. Nf3 Bg4 7. cxd5 Nxd5 8. Qb3 Bxf3 9. gxf3 e6 10. Qxb7 Nxd4 11. Bb5+ Nxb5 12. Qc6+ Ke7 13. Qc5+ Qd6 14. Nxd5+ exd5 15. Qxb5 Qd7 16. Qe2+ Qe6 17. Be3 Kd8 18. 0-0-0 Bc5 19. Rxd5+ Qxd5 20. Rd1 Bxe3+ 21. fxe3 Rc8+ 22. Kb1 Qxd1+ 23. Qxd1+ Ke7 24. Qd4 Rhd8 25. Qxa7+ Rd7 26. Qa4 g6 27. a3 h5 28. Qb4+ Ke8 29. a4 Ra7 30. a5 Rca8 31. Qb5+ Kf8 32. b4 Kg8 33. Kb2 Rc7 34. Kb3 Rc1 35. Qd3 Rc7 36. a6 Rc6 37. b5 Rb6 38. Ka4 Rab8 39. Ka5 1-0

[Event "Titled Tuesday intern op 12th Sep Late"]
[Site "Chess.com INT"]
[Date "2023.09.12"]
[Round "1"]
[White "Wang, Alexander J"]
[Black "Poltorak, Sebastian"]
[Result "0-1"]
[WhiteElo "1851"]
[BlackElo "2362"]
[PlyCount "68"]
[EventDate "2023.09.12"]
[EventType "swiss (blitz)"]
[EventRounds "11"]
[EventCountry "USA"]
[SourceTitle "EXT 2024"]
[Source "ChessBase"]
[SourceDate "2023.10.10"]
[SourceVersion "1"]
[SourceVersionDate "2023.10.10"]
[SourceQuality "1"]

1. e4 c6 2. d4 d5 3. f3 e6 4. Nc3 Nf6 5. e5 Nfd7 6. f4 b5 7. a3 b4 8. axb4 Bxb4 9. Nf3 f6 10. Bd3 0-0 11. 0-0 c5 12. Be3 Nc6 13. Qd2 cxd4 14. Nxd4 Nxd4 15. Bxd4 Bc5 16. Qe3 Qb6 17. Bxc5 Qxc5 18. Qxc5 Nxc5 19. Bb5 fxe5 20. fxe5 Rxf1+ 21. Rxf1 Bd7 22. Bxd7 Nxd7 23. Re1 Rb8 24. b3 Rc8 25. Nb5 Rxc2 26. Nxa7 Rb2 27. Nc6 Rxb3 28. Nd4 Rb6 29. Re2 Kf7 30. Kf2 Ke7 31. Nf3 Nc5 32. Rc2 Rc6 33. Ke3 Kd7 34. Nd4 Rc7 0-1

[Event "POL-ch Rapid U18"]
[Site "Bydgoszcz"]
[Date "2023.08.29"]
[Round "1"]
[White "Krakowiak, Filip"]
[Black "Poltorak, Sebastian"]
[Result "0-1"]
[WhiteElo "1587"]
[BlackElo "2207"]
[PlyCount "42"]
[EventDate "2023.08.28"]
[EventType "swiss"]
[EventRounds "11"]
[EventCountry "POL"]
[SourceTitle "EXT 2024"]
[Source "ChessBase"]
[SourceDate "2023.10.10"]
[SourceVersion "1"]
[SourceVersionDate "2023.10.10"]
[SourceQuality "1"]

1. Nf3 c5 2. b3 Nc6 3. Bb2 Nf6 4. e3 d5 5. d4 g6 6. Be2 Bg7 7. 0-0 cxd4 8. Nxd4 0-0 9. Nd2 Re8 10. c4 e5 11. Nxc6 bxc6 12. Nf3 Qd6 13. c5 Qc7 14. Rc1 Ng4 15. g3 h5 16. h3 e4 17. Nd4 Nxe3 18. fxe3 Qxg3+ 19. Kh1 Qxh3+ 20. Kg1 Qg3+ 21. Kh1 Be5 0-1

[Event "Titled Tuesday intern op 29th Aug Late"]
[Site "Chess.com INT"]
[Date "2023.08.29"]
[Round "2"]
[White "Riehle, Marco"]
[Black "Poltorak, Sebastian"]
[Result "1-0"]
[WhiteElo "2368"]
[BlackElo "2356"]
[PlyCount "119"]
[EventDate "2023.08.29"]
[EventType "swiss (blitz)"]
[EventRounds "11"]
[EventCountry "USA"]
[SourceTitle "EXT 2024"]
[Source "ChessBase"]
[SourceDate "2023.10.10"]
[SourceVersion "1"]
[SourceVersionDate "2023.10.10"]
[SourceQuality "1"]

1. e4 c5 2. a3 Nc6 3. b4 cxb4 4. axb4 Nxb4 5. c3 Nc6 6. d4 d6 7. d5 Ne5 8. f4 Nd7 9. Nf3 g6 10. Qd4 f6 11. h4 Bg7 12. h5 Qb6 13. Be3 Qxd4 14. Bxd4 a6 15. Na3 Kf7 16. Nb5 b6 17. Nc7 Ra7 18. Ne6 Nc5 19. f5 gxf5 20. exf5 Nh6 21. Bxc5 bxc5 22. Bd3 c4 23. Be4 Ng4 24. Ke2 Bh6 25. Rhb1 Rg8 26. Rb4 Ne5 27. Nxe5+ fxe5 28. Kf3 Bxe6 29. dxe6+ Kf6 30. g4 Rc8 31. Ra5 Bd2 32. Ra3 a5 33. Rb5 Rc5 34. Rxc5 dxc5 35. Ke2 Bf4 36. Ra4 h6 37. Bb1 Kg5 38. Kf3 Bd2 39. Rxc4 a4 40. Rxc5 a3 41. Rc8 a2 42. Rg8+ Kh4 43. Bxa2 Rxa2 44. f6 exf6 45. e7 e4+ 46. Kxe4 Bxc3 47. Kd3 Ra3 48. e8Q Bb4+ 49. Kc4 Rc3+ 50. Kxb4 Rg3 51. Qg6 f5 52. Qf6+ Kh3 53. Qxf5 Kh4 54. Qf6+ Kh3 55. Qxh6 Rxg4+ 56. Rxg4 Kxg4 57. Qg6+ Kh4 58. h6 Kh3 59. h7 Kh2 60. h8Q# 1-0